Geography : realms, regions, and concepts (Record no. 5089)

000 -LEADER
fixed length control field 00759 a2200217 4500
003 - CONTROL NUMBER IDENTIFIER
control field NUST
020 ## - INTERNATIONAL STANDARD BOOK NUMBER
International Standard Book Number 0471407755
038 ## - RECORD CONTENT LICENSOR
Staff Name A
040 ## - CATALOGING SOURCE
Original cataloging agency DLC
Language of cataloging DLC
082 00 - DEWEY DECIMAL CLASSIFICATION NUMBER
Classification number 910
100 1# - MAIN ENTRY--PERSONAL NAME
Personal name De Blij, Harm J.
9 (RLIN) 9997
245 10 - TITLE STATEMENT
Title Geography : realms, regions, and concepts
Remainder of title realms, regions, and concepts
Statement of responsibility, etc. H.J. de Blij, Peter O. Muller.
250 ## - EDITION STATEMENT
Edition statement 10th ed.
260 ## - PUBLICATION, DISTRIBUTION, ETC.
Place of publication, distribution, etc. New York :
Name of publisher, distributor, etc. J. Wiley & Sons,
Date of publication, distribution, etc. c2002.
300 ## - PHYSICAL DESCRIPTION
Extent xxv, 563 p. :
Other physical details col. ill., col. maps ;
Dimensions 29 cm.
650 #0 - SUBJECT ADDED ENTRY--TOPICAL TERM
Topical term or geographic name entry element Geography.
9 (RLIN) 7902
700 1# - ADDED ENTRY--PERSONAL NAME
Personal name Muller, Peter O.
9 (RLIN) 9998
856 42 - ELECTRONIC LOCATION AND ACCESS
Materials specified Publisher description
Uniform Resource Identifier <a href="http://www.loc.gov/catdir/description/wiley034/2001276580.html">http://www.loc.gov/catdir/description/wiley034/2001276580.html</a>
856 42 - ELECTRONIC LOCATION AND ACCESS
Materials specified Table of contents
Uniform Resource Identifier <a href="http://www.loc.gov/catdir/toc/wiley021/2001276580.html">http://www.loc.gov/catdir/toc/wiley021/2001276580.html</a>
942 ## - ADDED ENTRY ELEMENTS (KOHA)
Koha item type Book
Call number prefix 910 BLI
Source of classification or shelving scheme
Holdings
Withdrawn status Lost status Source of classification or shelving scheme Damaged status Not for loan Permanent Location Current Location Shelving location Date acquired Source of acquisition Cost, normal purchase price Full call number Barcode Date last seen Price effective from Koha item type
          Central Library (CL) Central Library (CL) General Stacks 12/13/2006 Donation 0.00 910 BLI SEECS007862 11/14/2012 01/05/2017 Book
© 2023 Central Library, National University of Sciences and Technology. All Rights Reserved.